[Event "BL 8485 Bochum-HSK"]
[Site "?"]
[Date "1985.??.??"]
[Round "?.7"]
[White "Wegner, H."]
[Black "Ueter, H."]
[Result "1/2-1/2"]
[WhiteElo "2245"]
[BlackElo "2270"]
[PlyCount "103"]
[EventDate "1985.??.??"]

1. d4 Nf6 2. c4 c5 3. d5 d6 4. Nf3 g6 5. Nc3 Bg7 6. e4 O-O 7. h3 b5 8. cxb5 a6
9. a4 e6 10. dxe6 fxe6 11. e5 dxe5 12. Qxd8 Rxd8 13. Be3 Bb7 14. Ng5 Bd5 15.
Bxc5 axb5 16. Bxb5 Nbd7 17. Be7 Rdc8 18. O-O Nc5 19. Bxc5 Rxc5 20. Rfe1 e4 21.
Rab1 Bb3 22. Ngxe4 Nxe4 23. Rxe4 Bc2 24. Rbe1 Bxe4 25. Nxe4 Rc2 26. b3 Bd4 27.
Bc4 Kg7 28. Kf1 e5 29. Rb1 Rb8 30. Rd1 Ra2 31. Rd2 Rxd2 32. Nxd2 Bc3 33. Ke2
Bb4 34. Nf3 Kf6 35. Ne1 Ba5 36. f3 Rd8 37. Nd3 Rd4 38. Ke3 Bb6 39. Kd2 Ba5+ 40.
Kc2 e4 41. fxe4 Rxe4 42. Kd1 Rd4 43. Ke2 Re4+ 44. Kf3 Re8 45. b4 Bb6 46. g3
Re3+ 47. Kg2 Re2+ 48. Kf1 Rc2 49. Bb5 Rh2 50. h4 Ra2 51. a5 Bc7 52. g4 1/2-1/2

[Event "BL 8485 Delmenhorst-Bochum"]
[Site "?"]
[Date "1985.??.??"]
[Round "?.1"]
[White "Heinbuch, D."]
[Black "Meyer, H."]
[Result "1-0"]
[WhiteElo "2255"]
[BlackElo "2245"]
[PlyCount "101"]
[EventDate "1985.??.??"]

1. d4 e6 2. c4 b6 3. Nf3 Bb7 4. Nc3 f5 5. g3 Nf6 6. Bg2 Ne4 7. Nxe4 Bxe4 8. O-O
Be7 9. d5 Bf6 10. Nd4 Bxg2 11. Kxg2 O-O 12. dxe6 Bxd4 13. Qxd4 dxe6 14. Qxd8
Rxd8 15. Bf4 Na6 16. Rfd1 Kf7 17. Be5 Rac8 18. a3 Nc5 19. Rxd8 Rxd8 20. Bxc7
Rd7 21. Be5 Nb3 22. Re1 a5 23. e4 g6 24. exf5 gxf5 25. Bc3 Ke7 26. Re5 Nc5 27.
Bxa5 Kd6 28. Bc3 Ne4 29. Rb5 Kc6 30. Bb4 Rd4 31. Re5 Kd7 32. f3 Nd2 33. c5 bxc5
34. Rxc5 h5 35. h4 Nb3 36. Rb5 Rc4 37. Bc3 Nc1 38. Rb7+ Kc6 39. Rh7 Ne2 40.
Rxh5 Nxc3 41. bxc3 Rxc3 42. Rh8 Rxa3 43. h5 Kd6 44. h6 Ke5 45. h7 Ra7 46. Kh3
Rf7 47. Kh4 Kf6 48. Kh5 Kg7 49. Re8 Kxh7 50. Rxe6 Kg8 51. Kg5 1-0

[Event "BL 8485 Delmenhorst-Bochum"]
[Site "?"]
[Date "1985.??.??"]
[Round "?.2"]
[White "Hermann, Man"]
[Black "Sehner, N."]
[Result "1/2-1/2"]
[WhiteElo "2345"]
[BlackElo "2315"]
[PlyCount "34"]
[EventDate "1985.??.??"]

1. e4 c6 2. d4 d5 3. exd5 cxd5 4. Bd3 Nc6 5. c3 g6 6. Bf4 Bf5 7. Nf3 Bg7 8. O-O
e6 9. Re1 Bxd3 10. Qxd3 Nf6 11. Nbd2 O-O 12. h3 a6 13. Ne5 Rc8 14. Qe3 Nxe5 15.
Bxe5 Nd7 16. Bxg7 Kxg7 17. Nf3 Qf6 1/2-1/2

[Event "BL 8485 Delmenhorst-Bochum"]
[Site "?"]
[Date "1985.??.??"]
[Round "?.4"]
[White "Juhnke, K."]
[Black "Backwinkel, P."]
[Result "0-1"]
[WhiteElo "2325"]
[BlackElo "2330"]
[PlyCount "138"]
[EventDate "1985.??.??"]

1. d4 e6 2. Nf3 f5 3. g3 b6 4. Bg2 Bb7 5. O-O Nf6 6. c4 Bd6 7. Nc3 O-O 8. Bf4
Bxf4 9. gxf4 Ne4 10. Rc1 Qf6 11. e3 Nxc3 12. Rxc3 Be4 13. Kh1 d6 14. Rg1 Nd7
15. Ng5 Bxg2+ 16. Rxg2 h6 17. Nf3 a5 18. Qa4 Qe7 19. Qc6 Nf6 20. Rc1 Qd7 21.
Qxd7 Nxd7 22. Rcg1 Rf7 23. Rg6 Kh7 24. R6g3 Re8 25. Rh3 Rf6 26. Rd1 Kg8 27. Rg3
Rf7 28. Rgg1 Nf6 29. Kg2 Ne4 30. Kf1 Kh7 31. Ke2 Rf6 32. h4 Rg6 33. Rxg6 Kxg6
34. Rg1+ Kf7 35. Ne1 c5 36. Nd3 cxd4 37. exd4 Rc8 38. Rc1 Rc7 39. f3 Nf6 40. c5
Nd5 41. cxb6 Rb7 42. Rc8 Nxb6 43. Rc6 Ke7 44. b3 Kd7 45. Rc1 Nd5 46. Rg1 Kc6
47. Kd2 Nf6 48. Rc1+ Kd7 49. Rc4 Nd5 50. Rc1 Rc7 51. Rg1 Ke8 52. Re1 Ke7 53.
Rb1 Kf7 54. Re1 Rc6 55. Rg1 Nc7 56. Nb2 Nb5 57. Nc4 Nxd4 58. Kd3 Nxf3 59. Rf1
Nxh4 60. Nxa5 Ra6 61. b4 g5 62. Kc4 g4 63. Kb5 Ra8 64. Kc6 g3 65. Kb7 g2 66.
Rg1 Rg8 67. Nc4 Nf3 68. Nxd6+ Ke7 69. Nc8+ Kf6 0-1

[Event "BL 8485 Delmenhorst-Bochum"]
[Site "?"]
[Date "1985.??.??"]
[Round "?.5"]
[White "Beckemeyer, W."]
[Black "Schlemermeyer, W."]
[Result "1-0"]
[WhiteElo "2325"]
[BlackElo "2220"]
[PlyCount "98"]
[EventDate "1985.??.??"]

1. e4 e5 2. Nf3 Nf6 3. Nxe5 d6 4. Nf3 Nxe4 5. d4 d5 6. Bd3 Nc6 7. O-O Be7 8.
Re1 Bg4 9. c4 Nf6 10. cxd5 Bxf3 11. Qxf3 Qxd5 12. Qxd5 Nxd5 13. Be4 O-O-O 14.
Nc3 Bb4 15. Bd2 Nde7 16. a3 Bd6 17. Ne2 Be5 18. Be3 Bf6 19. Rad1 Nd5 20. Nc3
Nce7 21. Bf3 Kb8 22. Ne4 h6 23. Nxf6 gxf6 24. Bc1 c6 25. g3 Rd7 26. Re4 Nc7 27.
Bh5 Ng6 28. Kg2 f5 29. Ree1 Kc8 30. a4 Rd6 31. Re3 Ne6 32. Red3 Rg8 33. Kf1 f4
34. d5 Nc5 35. Rf3 Rgd8 36. Bxf4 Rxd5 37. Bg4+ f5 38. Rxd5 Rxd5 39. Bh3 h5 40.
Bg5 Nd7 41. Rxf5 Rd1+ 42. Ke2 Rh1 43. Rf7 Nge5 44. Rh7 Rxh2 45. Bf5 Rh1 46. Bf4
Kd8 47. Bxe5 Nxe5 48. Rxb7 Rc1 49. Rxa7 Nc4 1-0

[Event "BL 8485 Delmenhorst-Bochum"]
[Site "?"]
[Date "1985.??.??"]
[Round "?.6"]
[White "Tielemann, K."]
[Black "Sonntag, H."]
[Result "1-0"]
[WhiteElo "2285"]
[BlackElo "2305"]
[PlyCount "93"]
[EventDate "1985.??.??"]

1. d4 Nf6 2. c4 e6 3. Nf3 d5 4. cxd5 exd5 5. Nc3 Be7 6. Bf4 O-O 7. e3 c5 8.
dxc5 Bxc5 9. Be2 Nc6 10. O-O Be6 11. Nb5 Rc8 12. Rc1 Ne4 13. Ng5 Qb6 14. Nxe4
dxe4 15. Bc7 Rxc7 16. Nxc7 Bxa2 17. Nd5 Bxd5 18. Qxd5 Qxb2 19. Bc4 Qe5 20. Qxc5
Qxc5 21. Bxf7+ Kxf7 22. Rxc5 Ke6 23. Rd1 Rf7 24. Rcd5 Rc7 25. f4 exf3 26. gxf3
a6 27. e4 Ke7 28. Rc5 Rd7 29. Rb1 Nd4 30. Kf2 Ne6 31. Rc8 b5 32. Rc6 Rd2+ 33.
Kg3 Ra2 34. Rd1 b4 35. Rdd6 Nc7 36. Rd4 Ne6 37. Rxb4 Kd7 38. Rcb6 Nc5 39. Rc4
Ra5 40. Rb1 Kc6 41. Rbc1 Rb5 42. e5 Kd5 43. f4 g6 44. R4c2 Ne6 45. Rc6 Nc5 46.
Rd6+ Ke4 47. Re1+ 1-0

[Event "BL 8485 Delmenhorst-Bochum"]
[Site "?"]
[Date "1985.??.??"]
[Round "?.7"]
[White "Ueter, H."]
[Black "Dornieden, M."]
[Result "0-1"]
[WhiteElo "2270"]
[BlackElo "2290"]
[PlyCount "106"]
[EventDate "1985.??.??"]

1. e4 g6 2. d4 Bg7 3. Be3 c5 4. Ne2 Nf6 5. f3 cxd4 6. Nxd4 O-O 7. Nc3 Nc6 8.
Qd2 d5 9. exd5 Nxd5 10. Nxc6 bxc6 11. Bd4 Bxd4 12. Qxd4 Qa5 13. Bd3 Nxc3 14.
Qxc3 Qxc3+ 15. bxc3 Be6 16. c4 Rab8 17. Kd2 Rb4 18. Rhb1 Rfb8 19. Rb3 c5 20.
Rab1 Rxb3 21. axb3 Kg7 22. Ra1 Rb7 23. Ra5 Rc7 24. Ke3 Bc8 25. f4 Kf6 26. Be4
h6 27. h3 e5 28. fxe5+ Kxe5 29. b4 f5 30. Bd3 f4+ 31. Kf2 g5 32. bxc5 Kd4 33.
Be2 Be6 34. Ra6 Bxc4 35. Bxc4 Kxc4 36. Rxh6 a5 37. Ra6 Rxc5 38. Ra8 Kb4 39.
Rb8+ Ka3 40. c4 Ka4 41. Kf3 Rxc4 42. Kg4 Rc5 43. Rb1 Ka3 44. Ra1+ Kb2 45. Rf1
a4 46. h4 gxh4 47. Rxf4 a3 48. Ra4 Kb3 49. Rxa3+ Kxa3 50. Kxh4 Kb4 51. g4 Kc4
52. g5 Kd5 53. Kh5 Ke6 0-1

[Event "BL 8485 Delmenhorst-Bochum"]
[Site "?"]
[Date "1985.??.??"]
[Round "?.8"]
[White "Ditt, E."]
[Black "Ackermann, H."]
[Result "0-1"]
[WhiteElo "2300"]
[BlackElo "2255"]
[PlyCount "84"]
[EventDate "1985.??.??"]

1. g3 e5 2. Bg2 Nc6 3. c4 Bc5 4. Nc3 Nf6 5. e3 d6 6. Nge2 O-O 7. O-O Bg4 8. h3
Bd7 9. Na4 Bb6 10. a3 e4 11. Nec3 Ne5 12. Nxb6 axb6 13. Nxe4 Nxe4 14. Bxe4 Qc8
15. f4 Nxc4 16. Qh5 g6 17. Qh6 d5 18. Bxd5 Nd6 19. g4 Ra5 20. Bf3 Bc6 21. b4
Rb5 22. Bb2 f6 23. Be2 Rd5 24. d3 Rh5 25. gxh5 Nf7 26. Bg4 Bd7 27. Qxf8+ Kxf8
28. f5 gxf5 29. Bf3 Ke7 30. Bg2 Ne5 31. d4 Nd3 32. Bc3 Qg8 33. Rad1 Bc6 34. Rd2
Qg3 35. d5 Bxd5 36. Rxf5 Be4 37. Rf1 Ne1 38. Bxf6+ Ke6 39. Bg5 Nf3+ 40. Rxf3
Bxf3 41. Rf2 Qxg5 42. Rxf3 Qxh5 {ZÜ} 0-1

[Event "BL 8485 HSK-Solingen"]
[Site "?"]
[Date "1985.??.??"]
[Round "?.2"]
[White "Chandler, M."]
[Black "Spassky, B."]
[Result "1-0"]
[WhiteElo "2540"]
[BlackElo "2590"]
[PlyCount "101"]
[EventDate "1985.??.??"]

1. e4 e5 2. Nf3 Nc6 3. Bb5 a6 4. Ba4 Nf6 5. O-O Be7 6. Re1 b5 7. Bb3 d6 8. c3
O-O 9. h3 Nb8 10. d4 Nbd7 11. Nbd2 Bb7 12. Bc2 Re8 13. Nf1 d5 14. Nxe5 Nxe5 15.
dxe5 Nxe4 16. f3 Ng5 17. Ng3 f6 18. Bxg5 fxg5 19. Qb1 Bc5+ 20. Kh2 h6 21. Qd1
Re6 22. Nf5 Qf8 23. Qd3 g6 24. Nd4 Bxd4 25. cxd4 c5 26. dxc5 Qxc5 27. Bb3 Kg7
28. Rac1 Qb6 29. Qd2 Rae8 30. f4 gxf4 31. Qxf4 Rf8 32. Qg3 Rf7 33. Rcd1 Qd8 34.
Re2 h5 35. Qe3 Rf5 36. Rde1 d4 37. Qd2 Rexe5 38. Rxe5 Qd6 39. Bc2 Rxe5 40. Qf4
d3 41. Qxe5+ Qxe5+ 42. Rxe5 dxc2 43. Rc5 Be4 44. Kg3 Kf6 45. Kf4 Bf5 46. Ke3
Ke6 47. g4 Kd6 48. b4 hxg4 49. hxg4 Bxg4 50. Rxc2 Be6 51. Kd4 1-0

[Event "BL 8485 HSK-Solingen"]
[Site "?"]
[Date "1985.??.??"]
[Round "?.3"]
[White "Borik, O."]
[Black "Reefschlaeger, H."]
[Result "0-1"]
[WhiteElo "2370"]
[BlackElo "2425"]
[PlyCount "102"]
[EventDate "1985.??.??"]

1. d4 d5 2. c4 c6 3. Nf3 Nf6 4. Nc3 dxc4 5. a4 Na6 6. e3 Bg4 7. Bxc4 e6 8. h3
Bh5 9. g4 Bg6 10. Ne5 Nb4 11. Nxg6 hxg6 12. Bf1 Nxg4 13. Qxg4 Nc2+ 14. Kd1 Nxa1
15. Bc4 Qb6 16. Ne4 Be7 17. Nd2 O-O-O 18. b3 c5 19. Bb2 cxd4 20. e4 Nxb3 21.
Bxb3 Kb8 22. Qg3+ Ka8 23. Nc4 Qa6 24. Qd3 Rh5 25. Ke2 Rdh8 26. e5 Qc6 27. Rh2
Bg5 28. Na5 Qc7 29. Nc4 Bf4 30. Rh1 Bxe5 31. Qe4 Bf6 32. a5 d3+ 33. Kxd3 Bxb2
34. Nxb2 Rxh3+ 35. Rxh3 Rxh3+ 36. f3 Qxa5 37. Nc4 Qf5 38. Ke3 Qxe4+ 39. Kxe4
f5+ 40. Ke3 g5 41. Ne5 Rh6 42. Nf7 Rf6 43. Nxg5 e5 44. Nf7 Ra6 45. Bd5 Ra5 46.
Be6 g6 47. Nh8 Ra3+ 48. Kf2 e4 49. fxe4 fxe4 50. Bd5 e3+ 51. Ke2 g5 0-1

[Event "BL 8485 HSK-Solingen"]
[Site "?"]
[Date "1985.??.??"]
[Round "?.4"]
[White "Behrhorst, F."]
[Black "Dueball, J."]
[Result "1/2-1/2"]
[WhiteElo "2285"]
[BlackElo "2445"]
[PlyCount "69"]
[EventDate "1985.??.??"]

1. d4 Nf6 2. c4 c5 3. d5 g6 4. Nc3 d6 5. e4 Bg7 6. f3 O-O 7. Bg5 e6 8. Qd2 exd5
9. cxd5 a6 10. a4 Re8 11. Nge2 Nbd7 12. Ng3 Qa5 13. Ra3 h5 14. Be2 Nh7 15. Be3
Ne5 16. O-O h4 17. Nh1 f5 18. Nf2 Bd7 19. f4 Nf7 20. exf5 Bxf5 21. g4 hxg3 22.
hxg3 Re7 23. g4 Rae8 24. gxf5 Rxe3 25. fxg6 Rg3+ 26. Kh2 Rxg6 27. Bd3 Rh6+ 28.
Kg2 Nf6 29. Bf5 Kf8 30. Raa1 Qb4 31. Rae1 Rxe1 32. Rxe1 Qd4 33. Qe3 Qxe3 34.
Rxe3 b5 35. axb5 1/2-1/2

[Event "BL 8485 HSK-Solingen"]
[Site "?"]
[Date "1985.??.??"]
[Round "?.5"]
[White "Werner, D."]
[Black "Gruenberg, Ra"]
[Result "1/2-1/2"]
[WhiteElo "2365"]
[BlackElo "2255"]
[PlyCount "75"]
[EventDate "1985.??.??"]

1. e4 c5 2. Nf3 Nc6 3. Bb5 g6 4. O-O Bg7 5. Re1 Nf6 6. c3 O-O 7. h3 e5 8. Bxc6
dxc6 9. Nxe5 Re8 10. f4 Nh5 11. d4 Qh4 12. Qd2 Bh6 13. Qf2 Qxf2+ 14. Kxf2 cxd4
15. cxd4 Bxf4 16. Bxf4 Nxf4 17. Kg3 Nh5+ 18. Kh2 Be6 19. Nc3 Rad8 20. Rad1 Ng7
21. d5 Bc8 22. Ng4 Bxg4 23. hxg4 f6 24. Rf1 Kf7 25. Rf3 Ke7 26. Rdf1 Rf8 27.
Rh3 h5 28. gxh5 Nxh5 29. g4 Ng7 30. Kg2 Rh8 31. Rfh1 Rxh3 32. Rxh3 Kf7 33. Rd3
Ke7 34. Rf3 Rh8 35. Ne2 cxd5 36. exd5 f5 37. Nf4 Kf6 38. Rb3 1/2-1/2

[Event "BL 8485 HSK-Solingen"]
[Site "?"]
[Date "1985.??.??"]
[Round "?.6"]
[White "Hess, C."]
[Black "Borngaesser, R."]
[Result "0-1"]
[WhiteElo "2260"]
[BlackElo "2335"]
[PlyCount "98"]
[EventDate "1985.??.??"]

1. d4 f5 2. Nf3 Nf6 3. g3 g6 4. b3 Bg7 5. Bb2 d6 6. Bg2 O-O 7. Nbd2 c6 8. O-O
a5 9. a3 Qc7 10. c4 Nh5 11. e3 c5 12. Nb1 e6 13. Nc3 Qe7 14. Qe2 Na6 15. Rad1
Nc7 16. dxc5 dxc5 17. Na4 e5 18. Nb6 e4 19. Bxg7 Nxg7 20. Nd2 Ra6 21. Nxc8 Rxc8
22. f3 exf3 23. Bxf3 Re6 24. Bxb7 Rxe3 25. Qf2 Rd8 26. Rfe1 Rxe1+ 27. Rxe1 Qd6
28. Re2 Nge6 29. Nf3 Qd1+ 30. Kg2 Qxb3 31. Bd5 Nxd5 32. Rxe6 Qxc4 33. Qe1 Kg7
34. Qxa5 Rd7 35. Qe1 Qc2+ 36. Kh3 Qc3 37. Qe2 c4 38. Re8 Qd3 39. Qf2 Re7 40.
Rc8 Re2 41. Qd4+ Qxd4 42. Nxd4 Re3 43. Kg2 c3 44. a4 Rd3 45. Nb5 Rd2+ 46. Kf3
c2 47. a5 Nb4 48. a6 Nxa6 49. Ke3 Rxh2 0-1

[Event "BL 8485 HSK-Solingen"]
[Site "?"]
[Date "1985.??.??"]
[Round "?.8"]
[White "Cordes, H."]
[Black "Meyer, CD."]
[Result "1-0"]
[WhiteElo "2275"]
[BlackElo "2315"]
[PlyCount "74"]
[EventDate "1985.??.??"]

1. d4 Nf6 2. c4 d6 3. Nc3 e5 4. Nf3 Nbd7 5. e4 Be7 6. Be2 O-O 7. O-O c6 8. Qc2
Re8 9. Rd1 Bf8 10. Rb1 Qe7 11. d5 c5 12. Ne1 g6 13. a3 Bg7 14. b4 Rf8 15. Nd3
b6 16. bxc5 Nxc5 17. Nxc5 bxc5 18. Bd2 Nh5 19. Bxh5 gxh5 20. Qa4 f5 21. Qc6 Bd7
22. Rb7 Bxc6 23. Rxe7 Be8 24. exf5 Rxf5 25. Ne4 Ba4 26. Rc1 Bf8 27. Re6 Rb8 28.
Nxd6 Bxd6 29. Rxd6 Rb3 30. Be3 Rxa3 31. Ra6 Rf7 32. Bxc5 Ra2 33. Bxa7 Bb3 34.
Rxa2 Bxa2 35. Be3 Rc7 36. d6 Rc6 37. Rd1 Bxc4 1-0

[Event "BL 8485 Delmenhorst-Enger"]
[Site "?"]
[Date "1985.??.??"]
[Round "?.1"]
[White "Smejkal, J."]
[Black "Meyer, H."]
[Result "1-0"]
[WhiteElo "2540"]
[BlackElo "2245"]
[PlyCount "103"]
[EventDate "1985.??.??"]

1. Nf3 Nf6 2. g3 d5 3. Bg2 c5 4. O-O Nc6 5. d4 e6 6. c4 Be7 7. cxd5 exd5 8. Nc3
O-O 9. Bg5 cxd4 10. Nxd4 h6 11. Be3 Re8 12. Qb3 Na5 13. Qc2 Bg4 14. Nf5 Bb4 15.
Bd4 Bxc3 16. Bxc3 Nc4 17. Rfe1 Rc8 18. Rad1 Qd7 19. Nxg7 Kxg7 20. Rxd5 Qe6 21.
Qd3 Kg8 22. Qd4 Rc6 23. Rd8 Rxd8 24. Qxd8+ Kg7 25. Bxc6 bxc6 26. f3 Bh3 27.
Qxf6+ Qxf6 28. Bxf6+ Kxf6 29. Rc1 Nxb2 30. g4 h5 31. Rxc6+ Kg7 32. Ra6 hxg4 33.
f4 g3 34. hxg3 Bg4 35. Kf1 Nd1 36. Rxa7 Nc3 37. e3 Be6 38. a4 Kf6 39. a5 Kf5
40. Rc7 Nd5 41. Rc5 Ke4 42. Ke2 Bd7 43. Rc4+ Kf5 44. e4+ Kg4 45. exd5 Bb5 46.
Kd3 Kxg3 47. Kd4 Kxf4 48. Kc5+ Bxc4 49. Kxc4 Ke3 50. a6 f5 51. a7 f4 52. a8=Q
1-0

[Event "BL 8485 Delmenhorst-Enger"]
[Site "?"]
[Date "1985.??.??"]
[Round "?.2"]
[White "Hermann, Man"]
[Black "Podzielny, K."]
[Result "1-0"]
[WhiteElo "2345"]
[BlackElo "2415"]
[PlyCount "43"]
[EventDate "1985.??.??"]

1. e4 c5 2. c3 d6 3. d4 Nf6 4. dxc5 Nc6 5. Bd3 d5 6. Nd2 e5 7. b4 d4 8. Qc2
dxc3 9. Qxc3 Nxb4 10. Bb5+ Nc6 11. Ngf3 Nd7 12. O-O Qc7 13. Ba3 Be7 14. Nc4 O-O
15. Rac1 Bf6 16. Ne3 Nd4 17. Nxd4 exd4 18. Nd5 Qe5 19. Qd3 Re8 20. c6 bxc6 21.
Bxc6 Rb8 22. f4 1-0

[Event "BL 8485 Delmenhorst-Enger"]
[Site "?"]
[Date "1985.??.??"]
[Round "?.4"]
[White "Juhnke, K."]
[Black "Fleck, J."]
[Result "0-1"]
[WhiteElo "2325"]
[BlackElo "2400"]
[PlyCount "100"]
[EventDate "1985.??.??"]

1. d4 Nf6 2. c4 c5 3. d5 e6 4. Nc3 exd5 5. cxd5 d6 6. e4 g6 7. Nf3 Bg7 8. Be2
O-O 9. O-O a6 10. a4 Bg4 11. Bf4 Bxf3 12. Bxf3 Qe7 13. Qc2 Nbd7 14. a5 Ne8 15.
Be3 Nc7 16. Be2 Rfe8 17. Rab1 Rab8 18. Bg4 Ne5 19. Be2 Nd7 20. Bg4 b5 21. axb6
Rxb6 22. Qa4 Bxc3 23. bxc3 Rxb1 24. Rxb1 Nf6 25. Bf3 Nxe4 26. Rb7 Nxc3 27. Qc6
N3b5 28. h3 Rc8 29. Be2 Qd8 30. Bxb5 axb5 31. Bf4 b4 32. Bxd6 Ne8 33. Be7 Rxc6
34. Bxd8 Rd6 35. Be7 Rxd5 36. Rb8 f5 37. Bxc5 Rxc5 38. Rxe8+ Kf7 39. Rb8 Rc1+
40. Kh2 Rb1 41. Rb6 b3 42. g4 fxg4 43. hxg4 g5 44. Kg2 b2 45. Kf3 Ke7 46. Ke2
Kd7 47. Kd2 Rf1 48. Kc2 b1=Q+ 49. Rxb1 Rxb1 50. Kxb1 Ke6 0-1

[Event "BL 8485 Delmenhorst-Enger"]
[Site "?"]
[Date "1985.??.??"]
[Round "?.6"]
[White "Schlemermeyer, W."]
[Black "Stertenbrink, G."]
[Result "1/2-1/2"]
[WhiteElo "2220"]
[BlackElo "2225"]
[PlyCount "85"]
[EventDate "1985.??.??"]

1. e4 c5 2. Nf3 e6 3. d4 cxd4 4. Nxd4 Nf6 5. Nc3 Nc6 6. Ndb5 d6 7. Bf4 e5 8.
Bg5 a6 9. Na3 b5 10. Nd5 Be7 11. Nxe7 Nxe7 12. Bxf6 gxf6 13. Qf3 f5 14. exf5
Bxf5 15. Bd3 Bxd3 16. Qxd3 d5 17. c3 Qb6 18. O-O O-O 19. Rae1 f6 20. Nc2 Rad8
21. Re3 Qc7 22. Rd1 f5 23. Rg3+ Ng6 24. Rg5 Kh8 25. Rxf5 Nf4 26. Rxf8+ Rxf8 27.
Qd2 Rg8 28. Ne1 Qc4 29. g3 d4 30. Nd3 dxc3 31. bxc3 Qxc3 32. Qe3 Nxd3 33. Rxd3
Qc7 34. Rc3 Qd6 35. Rd3 Qe6 36. Qe4 Re8 37. Rd5 Re7 38. Rd8+ Re8 39. Rd5 Qc6
40. Qd3 b4 41. Rd7 Qc1+ 42. Kg2 Qc6+ 43. Kg1 1/2-1/2

[Event "BL 8485 Delmenhorst-Enger"]
[Site "?"]
[Date "1985.??.??"]
[Round "?.7"]
[White "Kunsztowicz, U."]
[Black "Tielemann, K."]
[Result "0-1"]
[WhiteElo "2350"]
[BlackElo "2285"]
[PlyCount "66"]
[EventDate "1985.??.??"]

1. c4 c5 2. g3 g6 3. Bg2 Bg7 4. Nc3 Nc6 5. Nf3 Nf6 6. O-O O-O 7. d4 cxd4 8.
Nxd4 Nxd4 9. Qxd4 d6 10. Qd3 a6 11. Be3 Bf5 12. Qd2 Rb8 13. Ba7 Rc8 14. e4 Be6
15. b3 b6 16. Na4 Nd7 17. Qe3 Bxa1 18. Rxa1 b5 19. cxb5 axb5 20. Nc3 b4 21. Na4
Qa5 22. Bd4 Qh5 23. Nb2 Ne5 24. f3 Rc2 25. g4 Qh4 26. Bxe5 dxe5 27. Nd3 Rc3 28.
Qe2 Rb8 29. Rd1 f6 30. Qe3 Rd8 31. Bf1 Bxg4 32. Rd2 Bh3 33. Be2 Rd4 0-1

[Event "BL 8485 Delmenhorst-Enger"]
[Site "?"]
[Date "1985.??.??"]
[Round "?.8"]
[White "Ditt, E."]
[Black "Groenegress, W."]
[Result "1/2-1/2"]
[WhiteElo "2300"]
[BlackElo "2210"]
[PlyCount "102"]
[EventDate "1985.??.??"]

1. g3 e5 2. c4 Nf6 3. Nc3 Bb4 4. Nf3 Nc6 5. Bg2 O-O 6. O-O e4 7. Ne1 Bxc3 8.
dxc3 Re8 9. Nc2 d6 10. Ne3 h6 11. a4 Ne5 12. h3 Ng6 13. b3 Qe7 14. Ra2 Bd7 15.
Kh2 Qe5 16. Qd4 a5 17. f4 exf3 18. exf3 Bc6 19. Re2 Rad8 20. Rfe1 Qc5 21. Nc2
Qh5 22. Rxe8+ Rxe8 23. Rxe8+ Nxe8 24. Qf2 Ne5 25. Nd4 Nf6 26. Qe2 Bd7 27. g4
Qh4 28. Bf4 Ng6 29. Bg3 Qg5 30. Qe1 Qc5 31. f4 Bc6 32. Nxc6 bxc6 33. Qd2 Qb6
34. b4 c5 35. b5 Qb8 36. f5 Nf8 37. Bc6 N8d7 38. Bh4 Qf8 39. Bxf6 Nxf6 40. Qe2
Qd8 41. Kg2 Kf8 42. Kf3 Qe7 43. Qxe7+ Kxe7 44. h4 g6 45. Kf4 gxf5 46. Kxf5 Nh7
47. Bd5 Kf8 48. Be4 Ke7 49. Kf4 Nf6 50. Bf5 Ng8 51. g5 Kf8 1/2-1/2

[Event "BL 8485 HSK-Braunschweig"]
[Site "?"]
[Date "1985.??.??"]
[Round "?.1"]
[White "Eng, H."]
[Black "Reefschlaeger, H."]
[Result "0-1"]
[WhiteElo "2345"]
[BlackElo "2425"]
[PlyCount "94"]
[EventDate "1985.??.??"]

1. Nf3 d5 2. c4 c6 3. e3 Nf6 4. Nc3 e6 5. b3 Nbd7 6. Bb2 Bd6 7. d4 O-O 8. Qc2
Re8 9. Be2 dxc4 10. bxc4 e5 11. d5 cxd5 12. cxd5 a6 13. e4 Nf8 14. Nd2 b5 15.
O-O Ng6 16. g3 Bh3 17. Rfe1 Ng4 18. Nd1 Rc8 19. Qd3 Qb6 20. Bf1 Bxf1 21. Nxf1
Bc5 22. Re2 Bd4 23. h3 Nf6 24. Nfe3 Bxb2 25. Nxb2 Nf8 26. Rd1 N8d7 27. Nf5 g6
28. Nh6+ Kg7 29. Ng4 Qa5 30. Nxf6 Nxf6 31. Qb1 Rc3 32. Nd3 Rc4 33. Qa1 Qc7 34.
Rc1 Rxc1+ 35. Qxc1 Qxc1+ 36. Nxc1 Rc8 37. Nd3 Rc4 38. f3 Nd7 39. Kf2 Kf8 40.
Rb2 Ke7 41. Ke3 Kd6 42. Rb3 f5 43. Ra3 fxe4 44. Rxa6+ Kxd5 45. fxe4+ Rxe4+ 46.
Kd2 Rd4 47. Ra8 e4 0-1

[Event "BL 8485 HSK-Braunschweig"]
[Site "?"]
[Date "1985.??.??"]
[Round "?.3"]
[White "Schruefer, G."]
[Black "Gruenberg, Ra"]
[Result "0-1"]
[WhiteElo "2205"]
[BlackElo "2255"]
[PlyCount "136"]
[EventDate "1985.??.??"]

1. e4 c5 2. Nf3 Nc6 3. d4 cxd4 4. Nxd4 Nf6 5. Nc3 d6 6. g3 Bg4 7. f3 Nxd4 8.
Qxd4 Bd7 9. Be3 e6 10. Nb5 d5 11. e5 Ng8 12. Nxa7 Ne7 13. Qb6 Qxb6 14. Bxb6 Nc8
15. Nxc8 Rxc8 16. c3 Bc6 17. Be2 Be7 18. Rf1 Ra8 19. Kd2 Kd7 20. Bd3 h5 21. Rf2
f5 22. b3 Ra3 23. Kc2 Rha8 24. Kb2 g5 25. b4 Bxb4 26. Bd4 Be7 27. g4 hxg4 28.
fxg4 f4 29. h4 b5 30. hxg5 b4 31. Rxf4 bxc3+ 32. Bxc3 Rb8+ 33. Kc2 Ba4+ 34.
Rxa4 Rxa4 35. g6 Rxg4 36. Rd1 Ba3 37. Rd2 Rc8 38. Rh2 d4 39. Rh7+ Kc6 40. Ba5
Kd5+ 41. Kb3 Rg3 42. Kxa3 Rxd3+ 43. Ka4 Rg3 44. Rd7+ Ke4 45. g7 Rg8 46. Bb6 d3
47. Rd4+ Kf5 48. Kb5 R8xg7 49. a4 Kxe5 50. a5 Kf5 51. a6 e5 52. Rd8 Rg8 53. a7
Rxd8 54. Bxd8 d2 55. a8=Q d1=Q 56. Qc8+ Ke4 57. Qc4+ Qd4 58. Qe2+ Kf4 59. Qf1+
Kg4 60. Qe2+ Kf4 61. Qf1+ Rf3 62. Qc1+ Ke4 63. Qe1+ Kd5 64. Qh1 Qc5+ 65. Ka6 e4
66. Qd1+ Ke6 67. Ba5 Qc6+ 68. Bb6 Ra3+ 0-1

[Event "BL 8485 Enger-HSK"]
[Site "?"]
[Date "1985.??.??"]
[Round "?.1"]
[White "Chandler, M."]
[Black "Smejkal, J."]
[Result "1-0"]
[WhiteElo "2540"]
[BlackElo "2540"]
[PlyCount "78"]
[EventDate "1985.??.??"]

1. d4 Nf6 2. c4 g6 3. Nf3 Bg7 4. g3 O-O 5. Bg2 d6 6. Nc3 Nc6 7. O-O e5 8. d5
Ne7 9. e4 Ne8 10. b4 f5 11. Ng5 h6 12. Ne6 Bxe6 13. dxe6 Qc8 14. Nd5 Qxe6 15.
Nxe7+ Qxe7 16. exf5 e4 17. Qd5+ Kh8 18. Qxb7 Nf6 19. fxg6 Rab8 20. Qxa7 Rxb4
21. Be3 Rxc4 22. Rac1 Rxc1 23. Rxc1 Nd5 24. Bd4 c5 25. Qxe7 Nxe7 26. Be3 Nd5
27. Rd1 Nxe3 28. fxe3 Be5 29. Bxe4 Re8 30. Bc2 c4 31. Rb1 Re7 32. Rb8+ Kg7 33.
Rc8 d5 34. Rc5 d4 35. Rxc4 dxe3 36. Re4 Kf6 37. Kf1 Ra7 38. a4 Rc7 39. Bd3 Rc3
1-0

[Event "BL 8485 Enger-HSK"]
[Site "?"]
[Date "1985.??.??"]
[Round "?.2"]
[White "Podzielny, K."]
[Black "Reefschlaeger, H."]
[Result "1-0"]
[WhiteElo "2415"]
[BlackElo "2425"]
[PlyCount "61"]
[EventDate "1985.??.??"]

1. d4 d5 2. c4 c6 3. Nf3 Nf6 4. Nc3 e6 5. Bg5 Nbd7 6. cxd5 exd5 7. e3 Be7 8.
Bd3 O-O 9. Qc2 Re8 10. O-O-O Nf8 11. h4 Bg4 12. Rdg1 Bxf3 13. gxf3 Nh5 14. f4
Kh8 15. Bxe7 Rxe7 16. Rg5 Nf6 17. Rhg1 Ne8 18. Qd1 Qd6 19. Kb1 Ne6 20. R5g2 b6
21. Bc2 Nf8 22. h5 Rd8 23. Ne2 Rc7 24. Ng3 Qf6 25. Nf5 Ne6 26. Qd3 g6 27. Nh6
Nd6 28. f5 Nxf5 29. Qxf5 Qxf5 30. Bxf5 Ng7 31. hxg6 1-0

[Event "BL 8485 Enger-HSK"]
[Site "?"]
[Date "1985.??.??"]
[Round "?.3"]
[White "Behrhorst, F."]
[Black "Gruen, G."]
[Result "1-0"]
[WhiteElo "2285"]
[BlackElo "2355"]
[PlyCount "78"]
[EventDate "1985.??.??"]

1. d4 Nf6 2. c4 e6 3. Nc3 Bb4 4. f3 c5 5. d5 Bxc3+ 6. bxc3 d6 7. e4 e5 8. Bd3
Nbd7 9. Ne2 h6 10. Be3 Qa5 11. Qb3 O-O 12. g4 a6 13. a4 b5 14. cxb5 axb5 15.
Bxb5 Ba6 16. Kf2 Bxb5 17. Qxb5 Rfb8 18. Qxa5 Rxa5 19. Ra2 Nb6 20. Rb1 Nfd7 21.
Ng3 Rba8 22. Nf5 Nc4 23. Rb7 Nf6 24. Bxh6 gxh6 25. Nxh6+ Kg7 26. Nxf7 Kg6 27.
h4 Nxe4+ 28. fxe4 Rf8 29. h5+ Kg7 30. h6+ Kg6 31. h7 Kxh7 32. Kg3 Kg6 33. Rf2
Raa8 34. g5 Rab8 35. Rf6+ Kg7 36. Nxd6+ Rxb7 37. Nxb7 Rb8 38. Nxc5 Rb1 39. Ne6+
Kh7 1-0

[Event "BL 8485 Enger-HSK"]
[Site "?"]
[Date "1985.??.??"]
[Round "?.4"]
[White "Fleck, J."]
[Black "Gruenberg, Ra"]
[Result "1/2-1/2"]
[WhiteElo "2400"]
[BlackElo "2255"]
[PlyCount "74"]
[EventDate "1985.??.??"]

1. e4 c5 2. Nf3 Nc6 3. d4 cxd4 4. Nxd4 Nf6 5. Nc3 d6 6. Be3 Ng4 7. Bb5 Nxe3 8.
fxe3 Bd7 9. O-O e6 10. Bxc6 bxc6 11. Qf3 Qf6 12. Qe2 Qg5 13. Nf3 Qd8 14. e5 d5
15. Nd4 Be7 16. Qg4 O-O 17. Nce2 Qb8 18. Qg3 c5 19. Nb3 Bb5 20. Rae1 f6 21.
exf6 Qxg3 22. Nxg3 Bxf6 23. Rf2 Rac8 24. c3 Be5 25. Rxf8+ Kxf8 26. Ne2 Ke7 27.
e4 Kd6 28. exd5 exd5 29. Ng3 g6 30. Rd1 Bxg3 31. hxg3 Ba4 32. Rd3 Rb8 33. Nd2
Bc2 34. Nc4+ Ke6 35. Re3+ Kf6 36. Rf3+ Kg7 37. Nd6 Rb6 1/2-1/2